| 000 | 00431nam a2200169Ia 4500 | ||
|---|---|---|---|
| 008 | 230718s9999 xx 000 0 und d | ||
| 041 | _aeng | ||
| 082 |
_a621.37 _bBAK |
||
| 100 | _aBakshi U.A. | ||
| 245 | _aBasic Electrical Engineering | ||
| 250 | _a6th ed. | ||
| 260 |
_c2006 _bTechnical Publications |
||
| 300 | _a691 | ||
| 365 |
_cRs. _b325.00 |
||
| 700 | _aBakshi U.A. & Bakshi V.U. | ||
| 906 |
_d1985/27.10.06 _cELECT _b65 |
||
| 999 |
_c315339 _d315339 |
||